Estatísticas para O Cavaleiro da Dinamarca

Clique aqui para jogar o quiz

Estatísticas Gerais

  • Esse quiz foi jogado 10 vezes
  • A pontuação média é 7 de 15

Estatísticas das Respostas

HintResposta% Correto
Em que país é passada a história?Dinamarca
100%
Onde vivia o cavaleiro?Floresta
71%
Em que época do ano é inicada a história?Natal
71%
Quem escreveu está obra?Sophia de Mello Breyner Andresen
71%
Em que dia chegou o cavaleiro á sua casa?Véspera de Natal
71%
Em que país teve de ficar o cavaleiro devido a uma tempestade?Itália
57%
Qual a profissão de Giotto e Cimabué?Pintores
43%
Que presente ofereceu o mercador ao cavaleiro?Cavalo
29%
Onde ficou acolhido o cavaleiro quando ficou doente antes de chegar a Génova?Convento
29%
Qual a profissão de Dante?Escritor
29%
Por quem é narrada a história de Vanina e Guidobaldo?Mercador de Veneza
29%
O que os anjos enfeitaram para na véspera de natal guiar o cavaleiro até sua casa?Pinheiro
29%
Para onde é que o cavaleiro anuncia que vai fazer uma peregrinação?Terra Santa
29%
Por quem é narrada a história de Pêro Dias e dos navegadores portugueses por terras africanas?Capitão de navios
0%
Por quem são narradas a História de Giotto e Cimabué e a História de Dante e Beatriz?Filippo
0%

Distribuição das Pontuações

Percentil de Números Respondidos

Porcentagem de Pessoas com Cada Pontuação

Sua Pontuação Histórica

Você não jogou esse quiz